000 00577nam a2200229Ia 4500
003 OSt
005 20220924145825.0
006 a|||||r|||| 00| 0
007 ta
008 220923b |||||||| |||| 00| 0 tel d
024 _a330462
037 _cTextual
040 _aARTS
_cARTS
_btel
041 _2tel
_atel
082 _aO152,2M80,1, 35K0
100 _aPremachand
_9220651
245 0 _aPrema engtam
260 _c1960
650 _aHINDI LITERATURE
_923866
942 _hO152,2M80,1, 35K0
_cTEXL
_2CC
999 _c461288
_d461288